书目信息 |
| 题名: |
无机材料科学基础
|
|
| 作者: | 宋晓岚 , 黄学辉 主编 | |
| 分册: | ||
| 出版信息: | 北京 化学工业出版社 2006 |
|
| 页数: | 433页 | |
| 开本: | 25cm | |
| 丛书名: | 普通高等教育“十一五”国家级规划教材 | |
| 单 册: | ||
| 中图分类: | TB321 | |
| 科图分类: | ||
| 主题词: | 无机材料--ji cai liao | |
| 电子资源: | ||
| ISBN: | 7-5025-7936-2 | |
| 000 | 01193nam 2200277 450 | |
| 001 | 0100000735 | |
| 005 | 20181218085250.64 | |
| 010 | @a7-5025-7936-2@dCNY48.00 | |
| 100 | @a20070823d2006 ekmy0chiy0121 ea | |
| 101 | 0 | @achi |
| 102 | @aCN@b110000 | |
| 105 | @aak a 000yy | |
| 200 | 1 | @a无机材料科学基础@Aji cai liao ke xue ji chu@d= Fundamentals of Inorganic Materials Science@f宋晓岚, 黄学辉主编@zeng |
| 210 | @a北京@c化学工业出版社@d2006 | |
| 215 | @a433页@c图@d25cm | |
| 225 | 2 | @a普通高等教育“十一五”国家级规划教材@Apu ting gao deng jiao yu shi yi wu guo jia ji gui jiao cai |
| 320 | @a有书目 (第432-433页) | |
| 330 | @a《无机材料科学基础》是无机材料科学和工程的重要理论基础, 其内容定位于将材料学的各种基础理论, 包括结晶学、晶体化学、缺陷化学、熔体化学、非晶态科学、表面与界面化学和动力学中的基础知识, 其具体应用到实际无机材料领域。 | |
| 410 | 0 | @12001 @a普通高等教育“十一五”国家级规划教材 |
| 510 | 1 | @aFundamentals of Inorganic Materials Science@zeng |
| 606 | 0 | @a无机材料@Aji cai liao |
| 690 | @aTB321@v4 | |
| 701 | 0 | @a宋晓岚@Asong xiao lan@4主编 |
| 701 | 0 | @a黄学辉@Ahuang xue hui@4主编 |
| 801 | 0 | @aCN@c20070822 |
| 905 | @b20661048-50@dTB321@eS781@fTB321/S781 | |
| 无机材料科学基础= Fundamentals of Inorganic Materials Science/宋晓岚, 黄学辉主编.-北京:化学工业出版社,2006 |
| 433页:图;25cm.-(普通高等教育“十一五”国家级规划教材) |
| ISBN 7-5025-7936-2:CNY48.00 |
| 《无机材料科学基础》是无机材料科学和工程的重要理论基础, 其内容定位于将材料学的各种基础理论, 包括结晶学、晶体化学、缺陷化学、熔体化学、非晶态科学、表面与界面化学和动力学中的基础知识, 其具体应用到实际无机材料领域。 |
| ● |
| 相关链接 |
|
|
|
正题名:无机材料科学基础
索取号:TB321/S781
 
预约/预借
| 序号 | 登录号 | 条形码 | 馆藏地/架位号 | 状态 | 备注 |
| 1 | 1301682 | 213016822 | 期刊室512/501自科库 12排4列3层/ [索取号:TB321/S781] | 在馆 | |
| 2 | 476762 | 204767626 | 自科库501/501自科库 12排4列2层/ [索取号:TB321/S781] |
已借出,限还日期为2023.08.03 借出人:徐龙云 |
|
| 3 | 476763 | 204767635 | 自科库501/400A自科库 29排3列4层/ [索取号:TB321/S781] | 在馆 | |
| 4 | 661048 | 206610489 | 自科库501/501自科库 12排4列2层/ [索取号:TB321/S781] | 在馆 | |
| 5 | 661049 | 206610498 | 期刊室512/501自科库 12排4列3层/ [索取号:TB321/S781] | 在馆 | |
| 6 | 661050 | 206610504 | 自科库501/400A自科库 29排3列4层/ [索取号:TB321/S781] | 在馆 |